| 000 | 00472nab a2200145Ia 4500 | ||
|---|---|---|---|
| 003 | ES-SlBCS | ||
| 005 | 20210601133735.0 | ||
| 008 | 140529s1999 xxu||||| |||| 00| 0 por d | ||
| 041 | _apor | ||
| 100 | 1 |
_aQuenzer Matthiesen, Sara _9209012 |
|
| 245 | 0 | 0 |
_aDas críticas de Herbert Marcuse e Wilhelm Reich _c Sara Quenzer Matthiesen |
| 600 | 1 |
_aMarcuse, Herbert-Reich, W. _9209013 |
|
| 773 | 0 |
_tEducaçao e Filosofia _gvol. 13, nº. 26, 1999, págs. 57 _wRev1534 |
|
| 942 | _cAR | ||
| 999 |
_c601358 _d601358 |
||